| 000 | 00504nam a22001817a 4500 | ||
|---|---|---|---|
| 005 | 20260430104143.0 | ||
| 008 | 260430b xxu||||| |||| 00| 0 eng d | ||
| 020 | _a9781118460771 | ||
| 037 |
_bAllied book _cPKR 11225.70 |
||
| 082 |
_a332.109 _bGIN-F |
||
| 100 |
_aGinena, Karim _aHamid, Azhar |
||
| 245 | _aFoundations of Shari'ah Governance of Islamic Banks | ||
| 260 |
_aLondon: _bJohn Wiley, _c2015 |
||
| 300 | _a405 p. | ||
| 500 | _aIncludes Index. | ||
| 650 | _aBusiness Finance | ||
| 942 | _cBK | ||
| 999 |
_c47440 _d47440 |
||